A tales two cities

Bibliographic Details
Main Author: Dickens, Charles
Format: Book
Published: United Kingdom : Ladybird Books , 19-
Subjects:

MARC

LEADER 00000cam a2200000 7i4500
001 0000009775
002 000010643
005 20000330.0
020 |a 0721407102 
090 0 0 |a JF   |b DIC 
100 1 |a Dickens, Charles 
245 1 2 |a A tales two cities   |c Charles Dickens 
260 |a United Kingdom :   |b Ladybird Books ,   |c 19- 
300 |a 51p. :   |b ill. ;   |c 18cm. 
650 0 0 |a Children's stories 
999 |a 020140   |b BUKU   |c PINJAMAN   |e PERPUSTAKAAN KOMUNITI PETALING JAYA